| 000 | 00433nam a2200181Ia 4500 | ||
|---|---|---|---|
| 001 | 18864 | ||
| 005 | 20260306171702.0 | ||
| 008 | 260306s9999||||xx |||||||||||||| ||und|| | ||
| 041 | _aESP | ||
| 082 |
_a658.503 _bG69 |
||
| 100 |
_aGonzález Riesco, Monserrat _eAUT |
||
| 245 | 0 | _aGestión de la producción | |
| 260 | _c2010 | ||
| 300 |
_a138 páginas : _c23 cm. |
||
| 650 | _aGEN | ||
| 654 | _aCAN | ||
| 942 |
_cLIB _dJUS _fJUS _2ddc _n |
||
| 999 |
_c18864 _d18864 |
||